00341nam a2200121Ia 4500008004100000040001700041041001200058082001600070100002300086245005900109260004000168300001100208230917s9999||||xx |||||||||||||| ||und|| e141436aMAIN aEnglish a954.02 S23J aSharma, Mathuralal 0aJahirudin muhammad Babur ki Tuzuk-e-Babri: Atam Jeevni aGwaliorbKailash Pustak Sadanc1972 a226 p.